Normal view
MARC view
- Adrianna J. Kezar & Julie Posselt
Entry Personal Name
001 - CONTROL NUMBER
- control field: 119628
003 - CONTROL NUMBER IDENTIFIER
- control field: NUST
005 - DATE AND TIME OF LATEST TRANSACTION
- control field: 20231211123905.0
008 - FIXED-LENGTH DATA ELEMENTS
- fixed length control field: 231211|| aca||aabn | a|a d
040 ## - CATALOGING SOURCE
- Original cataloging agency: NUST
- Transcribing agency: NUST
100 ## - HEADING--PERSONAL NAME
- Personal name: Adrianna J. Kezar & Julie Posselt
670 ## - SOURCE DATA FOUND
- Source citation: Work cat.: (NUST)603118: Higher education administration for social justice and equity :, 2020.
